| 000 | 00965nas a2200289 4500 | ||
|---|---|---|---|
| 001 | BR8705008 | ||
| 003 | BR-BrBNA | ||
| 005 | 20231205090739.0 | ||
| 007 | ta | ||
| 008 | 230509b bl.|||p| |||| 00| 00por d | ||
| 040 |
_aBR-BrBNA _bpor _cBiblioteca Nacional de Agricultura |
||
| 041 | _a(Pt) | ||
| 072 | _aQ02 | ||
| 100 | 1 | _aMartin, Z.J. de | |
| 100 | 1 | _aNisida, A.L.A.C. | |
| 100 | 1 | _aCampos, S.D. da S. de | |
| 100 | 1 | _aSoler, M.P. | |
| 100 | 1 | _aBleinroth, E.W. | |
| 245 | 1 | _aEstudo da estabilidade do suco turvo de maca das cultivares Golden Delicious e Fuji | |
| 246 | 1 | _aA study of the stability of cloudy apple juice from the cultivars Golden Delicious and Fuji | |
| 650 | _aSUCO | ||
| 650 | _aMACA | ||
| 650 | _aINDUSTRIA ALIMENTICIA | ||
| 773 | 0 |
_tBoletim do Instituto de Tecnologia de Alimentos (Brazil) _xISSN 0366-0281 _g(Jul-Sep 1986), v. 23(3) p. 311-323 _wBR8705008 |
|
| 909 |
_a202311 _bLúcia _c55 _dLúcia Elande |
||
| 942 |
_2AGRIS _n0 _cANA |
||
| 999 |
_c120603 _d120603 |
||